| 000 | 00633nam a2200205Ia 4500 | ||
|---|---|---|---|
| 003 | GCL | ||
| 008 | 140319s9999 xx 000 0 ara d | ||
| 020 | _a7081310977 | ||
| 040 |
_aGCL / _cGCL |
||
| 082 | 0 | 4 |
_a635.9 _bم م |
| 100 | 1 | _aمحمد محمد كذلك | |
| 245 | 1 | 0 |
_aمقدمة فى نباتات الزينة / _cمحمد محمد كذلك |
| 250 | _aالاولى | ||
| 260 |
_aالقاهرة : _bدار الفكر العربى ، _c1996 |
||
| 300 |
_a104 ص: _bايض ؛ _c24 سم |
||
| 650 | 0 | 4 | _aالاشجار |
| 650 | 0 | 4 | _aنباتات الزينة |
| 650 | 0 | 4 | _aالنباتات الخشبية |
| 942 |
_2ddc _cBK |
||
| 999 |
_c6699 _d6699 |
||